Jednoduché účtovníctvo
Uložené v:
| Hlavný autor: | |
|---|---|
| Médium: | Kniha |
| Jazyk: | Slovak |
| Vydavateľské údaje: |
Žilina
HERMES
1993
|
| Vydanie: | 1. vyd. |
| Predmet: | |
| Tagy: |
Žiadne tagy, Buďte prvý, kto otaguje tento záznam!
|
MARC
| LEADER | 00000nam a2200000 4500 | ||
|---|---|---|---|
| 001 | c005332 | ||
| 005 | 20221128073140.6 | ||
| 020 | |a 80-85445-08-5 | ||
| 041 | 0 | |a slo | |
| 044 | |a SK | ||
| 245 | 1 | 0 | |a Jednoduché účtovníctvo |c Štefan Nižňanský |
| 250 | |a 1. vyd. | ||
| 264 | 1 | |a Žilina |b HERMES |c 1993 | |
| 300 | |a 44 s. | ||
| 610 | 2 | 0 | |a účtovníctvo jednoduché |
| 610 | 2 | 0 | |a denníky účtovné |
| 610 | 2 | 0 | |a prípady účtovné |
| 610 | 2 | 0 | |a výkazy účtovné |
| 610 | 2 | 0 | |a poradenstvo |
| 610 | 2 | 0 | |a informácie |
| 100 | 1 | |a Nižňanský, Štefan | |